000 00298nam a2200121Ia 4500
008 190216s9999||||xx |||||||||||||| ||und||
100 _aAgarwal Op
245 0 _aClerks Grade Examination
260 _b"Avadh Prakashan , Agra"
_c1985
300 _a248p
650 _aClerks Grade Exam
942 _cREF
999 _c35649
_d35649